| 000 | 004220000a22001690004500 | ||
|---|---|---|---|
| 003 | MACL | ||
| 005 | 20160112124623.0 | ||
| 008 | 160112b xxu||||| |||| 00| 0 eng d | ||
| 040 |
_aMACL _cMACL |
||
| 041 | _aEnglish | ||
| 082 | _a920/WIL | ||
| 100 |
_aWilliamson, Benedict _931164 |
||
| 245 | _aMaria of Padua | ||
| 260 |
_bAlexander Ouseley Ltd _c1932 _aLondon |
||
| 650 |
_aBiography _931165 |
||
| 942 |
_cBK _k920/WIL _2ddc |
||
| 999 |
_c39380 _d39380 |
||